000 00755nam a2200229 a 4500
001 BRL_919
005 20190320210943.0
008 241013s1979----mx-a######---#000-0#spa-#
041 _aspa
044 _amx
050 4 _aF1391.T49
_b.A58 1979
100 1 _aÁlvarez, José Rogelio
_922992
245 1 0 _aSan Pedro Tlaquepaque
_cJose Rogelio Álvarez.
260 _aMéxico, D.F.
_bEnciclopedia de México
_c1979
300 _a126 p.
_bil. (algunas a color)
_c22 cm.
500 _aAu1040
651 4 _aSan Pedro Tlaquepaque (Jalisco)
_xHistoria
_zMéxico
_925321
651 4 _aSan Pedro Tlaquepaque (Jalisco)
_xVida social y costumbres
_zMéxico
_925322
651 4 _aSan Pedro Tlaquepaque (Jalisco)
_xArte
_zMéxico
_925323
902 _aGRL
942 _2lcc
_cB
999 _c9731
_d9731